<?xml version="1.0" encoding="UTF-8"?>
<record
    xmlns:xsi="http://www.w3.org/2001/XMLSchema-instance"
    xsi:schemaLocation="http://www.loc.gov/MARC21/slim http://www.loc.gov/standards/marcxml/schema/MARC21slim.xsd"
    xmlns="http://www.loc.gov/MARC21/slim">

  <leader>00899nam a22002651a 4500</leader>
  <controlfield tag="001">1106652</controlfield>
  <controlfield tag="005">20170507020003.0</controlfield>
  <controlfield tag="008">930104s1993    enka     b    001 0 eng  </controlfield>
  <datafield tag="010" ind1=" " ind2=" ">
    <subfield code="a">93019925</subfield>
    <subfield code="a">93019925</subfield>
  </datafield>
  <datafield tag="020" ind1=" " ind2=" ">
    <subfield code="a">0631186913</subfield>
  </datafield>
  <datafield tag="020" ind1=" " ind2=" ">
    <subfield code="a">0631186913</subfield>
  </datafield>
  <datafield tag="040" ind1=" " ind2=" ">
    <subfield code="a">DLC</subfield>
    <subfield code="c">DLC</subfield>
    <subfield code="d">DLC</subfield>
  </datafield>
  <datafield tag="050" ind1="0" ind2="0">
    <subfield code="a">P99.4.P72</subfield>
    <subfield code="b">M487 1993</subfield>
  </datafield>
  <datafield tag="082" ind1="0" ind2="0">
    <subfield code="a">P 99.4.P72M487 1993</subfield>
    <subfield code="2">20</subfield>
  </datafield>
  <datafield tag="100" ind1="1" ind2=" ">
    <subfield code="a">Mey, Jacob.</subfield>
  </datafield>
  <datafield tag="245" ind1="1" ind2="0">
    <subfield code="a">Pragmatics : an introduction /</subfield>
    <subfield code="c">Jacob L. Mey.</subfield>
  </datafield>
  <datafield tag="260" ind1=" " ind2=" ">
    <subfield code="a">Oxford, UK ;</subfield>
    <subfield code="a">Oxford, UK :</subfield>
    <subfield code="b">Blackwell,</subfield>
    <subfield code="c">1993.</subfield>
  </datafield>
  <datafield tag="300" ind1=" " ind2=" ">
    <subfield code="a">xii, 357 p. : ill. ; 24 cm.</subfield>
  </datafield>
  <datafield tag="504" ind1=" " ind2=" ">
    <subfield code="a">Includes bibliography and index.</subfield>
  </datafield>
  <datafield tag="650" ind1=" " ind2="0">
    <subfield code="a">Pragmatics.</subfield>
  </datafield>
  <datafield tag="906" ind1=" " ind2=" ">
    <subfield code="a">7</subfield>
    <subfield code="b">cbc</subfield>
    <subfield code="c">orignew</subfield>
    <subfield code="d">1</subfield>
    <subfield code="e">ocip</subfield>
    <subfield code="f">19</subfield>
    <subfield code="g">y-gencatlg</subfield>
  </datafield>
  <datafield tag="991" ind1=" " ind2=" ">
    <subfield code="b">c-GenColl</subfield>
    <subfield code="h">P99.4.P72</subfield>
    <subfield code="i">M487 1993</subfield>
    <subfield code="p">00017219017</subfield>
    <subfield code="t">Copy 1</subfield>
    <subfield code="w">BOOKS</subfield>
  </datafield>
  <datafield tag="942" ind1="0" ind2="0">
    <subfield code="0">6</subfield>
  </datafield>
  <datafield tag="999" ind1=" " ind2=" ">
    <subfield code="c">38201</subfield>
    <subfield code="d">38201</subfield>
  </datafield>
  <datafield tag="952" ind1=" " ind2=" ">
    <subfield code="0">0</subfield>
    <subfield code="1">0</subfield>
    <subfield code="2">lcc</subfield>
    <subfield code="4">0</subfield>
    <subfield code="7">0</subfield>
    <subfield code="8">GEN</subfield>
    <subfield code="a">CPL</subfield>
    <subfield code="b">CPL</subfield>
    <subfield code="c">GEN</subfield>
    <subfield code="d">2009-11-17</subfield>
    <subfield code="g">25.35</subfield>
    <subfield code="l">6</subfield>
    <subfield code="o">P 99.4.P72 M487 1993</subfield>
    <subfield code="p">R06099L3232</subfield>
    <subfield code="r">2019-09-02 00:00:00</subfield>
    <subfield code="s">2017-05-06</subfield>
    <subfield code="t">1</subfield>
    <subfield code="w">2009-11-17</subfield>
    <subfield code="y">BK</subfield>
  </datafield>
  <datafield tag="952" ind1=" " ind2=" ">
    <subfield code="0">0</subfield>
    <subfield code="1">0</subfield>
    <subfield code="2">lcc</subfield>
    <subfield code="4">0</subfield>
    <subfield code="7">0</subfield>
    <subfield code="8">GEN</subfield>
    <subfield code="a">CPL</subfield>
    <subfield code="b">CPL</subfield>
    <subfield code="c">GEN</subfield>
    <subfield code="d">2015-10-05</subfield>
    <subfield code="e">Donation-Prof. Regina Blass</subfield>
    <subfield code="g">32.00</subfield>
    <subfield code="l">1</subfield>
    <subfield code="o">P 99.4.P72M487 1993</subfield>
    <subfield code="p">R33321K3232</subfield>
    <subfield code="r">2024-02-17 11:52:02</subfield>
    <subfield code="s">2024-01-31</subfield>
    <subfield code="t">2</subfield>
    <subfield code="w">2015-10-05</subfield>
    <subfield code="y">BK</subfield>
  </datafield>
</record>
